[Event "BisBeamer Apeldoorn-Euwe"]
[Site "?"]
[Date "2002.04.21"]
[Round "9"]
[White "Witt, Rob"]
[Black "Ernst, Sipke"]
[Result "0-1"]
[WhiteElo "2234"]
[BlackElo "2423"]
[Annotator "Witt,Rob"]
[PlyCount "78"]

{Mijn laatste partij in de Meesterklasse. Ik mocht van teamleider Sander
Janknegt mijn geluksshirt van LostBoys niet meer aantrekken, zodat ik besefte
dat remise vandaag het maximaal haalbare zou zijn. Afgelopen donderdag had ik
het ook al niet aan en verloor toen vrij kansloos van Piet van der Weide. Ik
had niks bijzonders voorbereid en was tevreden met tegenstander Sipke Ernst.
"Moeten we nou alweer tegen elkaar", mopperde Sipke. Kennelijk herinnerde hij
zich nog dat hij bij Lost Boys met remise bijzonder goed was weggekomen. De
partij van vandaag brengt helaas weer op pijnlijke wijze mijn gebrek aan
analytische vaardigheden aan het licht. Maar ook die van IM Sipke vallen niet
mee. Kijk maar mee.} 1. Nf3 d5 2. d4 Nf6 3. c4 e6 {Ik kon me niet herinneren
dat ik dit eerder van hem gezien had. Een rustige aanpak leek me het beste.} 4.
e3 {Normaal speel ik hier 4.Pc3 maar ik vermoedde dat hij met Lb4 zou
vervolgen en deze Ragozinvariant heb ik al heel lang niet meer bekeken.
Achteraf vertelde Sipke dat hij met Le7 gewoon damegambiet had willen spelen.}
c5 5. cxd5 ({Na} 5. Nc3 dxc4 6. Bxc4 a6 {ontstaat een aangenomen damegambiet
waarin wit wat te snel Pc3 heeft gespeeld.}) 5... exd5 {De stelling na 5...
exd5 heb ik geloof ik nooit eerder gespeeld.} ({Ik had eerder iets verwacht als
} 5... Nxd5 6. Nc3 Nc6 7. Bd3 Be7 8. O-O O-O) 6. Be2 Nc6 7. O-O Bd6 8. dxc5
Bxc5 9. b3 {Het kleine fianchetto beviel me beter omdat ik het idee had dat op
9.a3 a5 zou volgen. Vervolgens moet ik b3 spelen om mijn loper te
fianchetteren en vervolgens kan ik nooit op c6 ruilen omdat pion b3 dan zwak
wordt. Waarschijnlijk zijn dat onnodig diepzinnige gedachten die volstrekt
niet ter zake doen.} ({De theorie gaat verder met} 9. a3 O-O 10. b4 Bd6 11. Bb2
{met iets beter spel voor wit.}) 9... O-O 10. Bb2 Re8 11. Nc3 Be6 12. Rc1 Qe7
13. Nb5 Ne4 14. Nfd4 Rac8 15. Bf3 {Dit liet ik vergezeld gaan van een
remiseaanbod. Beide spelers hadden 3 kwartier gebruikt en de stelling is
ongeveer gelijk. Ik nam aan dat Sipke zou weigeren (200 punten ratingverschil)
maar ik had in Schaaknieuws gelezen dat hij dat de vorige ronde ook had gedaan
en toen slecht ging spelen. Mocht hij het aanbod aannemen, ook goed. Deze
laatste rinde van de Meesterklasse was gezamenlijk dus er viel genoeg te
bekijken.} Ng5 {Na 25' gespeeld. Ik had inmiddels veel rondgelopen langs de
andere teams en het kostte me moeite om mijn concentratie te hervinden.} 16.
Be2 Bd7 17. Nf3 $6 ({Ik had gezocht naar varianten met Txc5 maar niks
bevredigends gevonden. Toch had ik daarvoor moeten kiezen, bijv.} 17. Nxc6 bxc6
18. Rxc5 Qxc5 19. Ba3 Qb6 20. Nd6 Qa5 21. Qc1 Ne4 22. Nxe8 Rxe8 {met tenminste
gelijkspel voor wit, maar ook niet veel meer.}) 17... Ne4 $2 {Zwart had beter.
Beide spelers hadden daar wel even naar gekeken maar verkeerd berekend. Bij
mij wekt dat geen verbazing maar bij een talent als Ernst is dat zorgwekkend.
Het gaat om:} (17... Bxe3 $1 18. Ba3 {Dit leek mij al de weerlegging maar zo
simpel is het niet.} Nxf3+ 19. Bxf3 Nb4 {Dit zal door beiden overzien zijn.}
20. Rxc8 Rxc8 21. Nd4 Bf4 (21... Bxd4 22. Qxd4 Nc2 23. Qxg7+ Kxg7 24. Bxe7 Re8
25. Bc5 b6 26. Be3 d4 27. Bd2 Bf5 {lijkt ook niet slecht voor zwart al moet
wit dat remise kunnen houden.}) 22. Ne2 $1 Bd6 23. Bxb4 Bxb4 24. Qxd5 {en
zwart staat iets beter.}) 18. Nfd4 $2 {Al weer slecht rekenwerk van beide
partijen. Ik had slechts 3 minuten besteed aan dit moment en de pionwinst 18.
Dxd5 afgedaan met: te gevaarlijk wegens Pb4. Maar ook dat is weer te simpel.} (
18. Qxd5 $1 Nb4 (18... Bg4 19. Nc3 $1) 19. Qe5 $1 {Die was me totaal ontgaan.
Inderdaad staat zwart na andere damezetten goed. Het moet gezegd worden dat,
ook als ik De5 wel gezien had, de analyse en beoordeling bijzonder ingewikkeld
is.} Qxe5 (19... Qf8 20. Qh5 Nxa2 21. Ra1 Nb4 22. Nxa7 {en wit blijft een
gezonde pion voor.}) 20. Nxe5 Be6 21. Nd3 $5 ({Waarschijnlijk sterker dan} 21.
Bd3 Bd5 22. Bb1 a6 23. Nd7 axb5 24. Bxe4 Bxe4 25. Rxc5 Nd3 26. Rxc8 Rxc8 27.
Bd4 Rc2) 21... Nxa2 22. Bf3 Nxc1 23. Rxc1 Bxe3 24. Rxc8 Rxc8 25. fxe3 Nd2 26.
Bxb7 {Met een moeilijk eindspel waar wit praktische kansen heeft.}) 18... Bb6
19. Nc2 $6 {Een beetje rare zet . De bedoeling was met Pc3 druk op d5 te
zetten maar dat faalt taktisch.} (19. Bg4 {was voldoende voor gelijk spel.}) ({
en er was ook mis met} 19. Nxc6 bxc6 20. Nd4) 19... a6 20. Nc3 $2 (20. Nbd4)
20... Nxc3 21. Bxc3 d4 $17 {Die was me even ontgaan. Zwart staat vrijwel op
winst.} 22. Bd2 Rcd8 ({Nog sterker lijkt} 22... Bf5 23. Bg4 Bxc2 24. Rxc2 Rcd8
$17) 23. Re1 Qh4 {Wit heeft hier nog 24', zwart 7'. Ik besteedde hier 10' voor
mijn volgende zet en het verzamelen van krachten voor de tijdnoodfase. Dat
laatste is niet helemaal gelukt.} 24. Nxd4 (24. Bf3 d3 25. Nb4 Ne5 {ziet er
ook niet fris uit.}) 24... Nxd4 25. exd4 Bxd4 26. Rf1 Bc6 27. a4 {om Lf3 te
kunnen spelen zonder lastig te worden gevallen door Lb5.} Bb6 {Een vreselijke
stelling voor wit. Mijn enige hoop is dat Sipke minder dan 2' heeft en ik nog
10' voor 13 zetten.} 28. Rc3 ({Verliezend. Het beste was nog} 28. Rc2 {en
zwarts voornaamste probleem is het kiezen uit vele goede zetten.}) 28... Qd4 $2
({A tempo gespeeld. Winnend was} 28... Ba5) 29. Bd3 (29. Rd3 $2 Qe4 {is meteen
uit.}) 29... Ba5 $2 (29... h6 {was wel zo simpel. Zwart heeft inmiddels minder
dan een minuut, ik nog 5'.}) 30. Bxh7+ $1 Kf8 $2 {In paniek gespeeld.} (30...
Kxh7 31. Qh5+ Kg8 32. Rh3 f6 33. Bxa5 Qe4 {is remiseachtig.}) 31. Rd3 Qc5 {
Na de partij dachten we dat dit een blunder was, maar het blijkt de enige zet.}
(31... Qe5 $2 32. Bb4+ {wint.}) (31... Qb6 32. Be3 Qb4 33. Qh5 $1 {dreigt Lc5+}
Bb6 34. Rxd8 Rxd8 35. Bc2 Bxe3 36. fxe3 Bd5 37. Qh8+ Ke7 38. Qxg7 {wint ook.})
32. Bxa5 $2 ({Na de partij hoorde ik dat ik een stuk had kunnen winnen met} 32.
b4 Rxd3 {de enige zet anders verliest zwart meer materiaal.} 33. bxc5 Rxd2 {
maar dit is niet zo duidelijk}) ({Het beste was} 32. Be3 Qe5 33. Qg4 $1 {
en wit houd een gezonde pluspion. Onbegrijplijk dat ik dit niet gespeeld heb.})
32... Qxa5 33. Rxd8 {en weer bood ik remise aan maar Sipke had geen tijd om
het aan te nemen of had het niet gehoord.} Rxd8 34. Qg4 $2 ({Ik speelde niet} 
34. Qa1 $1 {wegens} Qd5 $2 ({Voldoende voor gelijk spel is} 34... Qc5 35. Rc1
Qb4) (34... Qb4 $5) 35. Qa3+ (35. f3 Qxb3 $15) 35... Rd6 $2 {en ik zag geen
zet meer voor wit. Ten onrechte!} (35... Qd6 36. Qxd6+ Rxd6 37. Bc2 {en de
pluspion zal waarschijnlijk niet te verzilveren zijn.}) 36. Be4 $1 {hoe simpel.
} (36. f3 g6 $19)) (34. Qc1 {had ik ook verworpen om dezelfde verkeerde reden
als Da1.} Qd5 ({Veel beter is} 34... g6 $1 35. Qh6+ Ke7 {met gelijk spel.}) 35.
Qa3+ Rd6 $2) 34... g6 35. Bxg6 fxg6 36. Qxg6 Qe5 {De drie pionnen vormen niet
voldoende compensatie voor het stuk.} 37. h3 Rd6 38. Qg4 Kf7 39. Rd1 $2 ({
Taaier was} 39. Qh4 $17) 39... Rg6 {Ik zag dat ik hier nog 22 seconden had
voor mijn laatste zet, dacht even na en toen zei Sipke ineens vlag! Ik snap
nog niet hoe 22 seconden in 5 seconden kunnen verdwijnen. Veel maakt het niet
uit, de slotstelling is verloren voor wit.} 0-1

[Event "Bussum Open"]
[Site "?"]
[Date "2002.05.20"]
[Round "6"]
[White "Van der Poel, Henk"]
[Black "Witt, Rob"]
[Result "1/2-1/2"]
[WhiteElo "2249"]
[BlackElo "2242"]
[Annotator "Witt,Rob"]
[PlyCount "120"]

{Met 3,5-5 stond ik voor de taak om tenminste 1,5-2 te scoren voor een
behoorlijke prijs. Mijn spel was tot nu toe redelijk goed geweest. Alleen het
afmaken lukte niet. Zou het nu beter gaan?} 1. e4 e6 2. d4 d5 3. Nc3 Bb4 4. e5
c5 5. Qg4 {Dit was een verrassing voor mij. In mijn herinnering ging Henk
vroeger altijd in op de hoofdvariant. Als ik de moeite had genomen om in mijn
database te kijken, had ik kunnen zien dat Henk dit vaker speelt, o.a. een
vlotte overwinning op Jaap de Jager.} Ne7 6. Nf3 {Als wit wil switchen naar de
hoofdvariant met 6.a3, dan moet hij rekening houden met het sterke 6... .Da5.
Een belangrijk alternatief is 6.dc5 waarmee ik in een ver verleden veel
ervaring heb opgedaan.} Nbc6 {De Jager speelde hier 6....Kf8?! Een goed
alternatief is 6.dc5.} 7. Bd2 {Nu was ik op onbekend terrein. Ik herinnerde me
nog 7.Lb5 uit een bekende partij Spassky-Uhlmann ergens in de jaren 70.} cxd4
$5 {De meeste partijen gaan veder met 7...0-0, een zet die ik niet eens
overwogen heb.} 8. Nxd4 Nxe5 $5 {Dit staat als dubieus bekend. Gelukkig wist
ik dat niet. Mij leek dit een prima methode om op winst te spelen.} 9. Qxg7
N7g6 10. Qh6 {Er dreigde Lf8 met damewinst.} Bc5 $1 {Nieuw en sterk. Pas toen
ik deze zet ontdekte durfde ik 8....Pe5 aan. Het paard op d4 kan niet weg
wegens slaan op f2.} 11. Be3 Ng4 12. Bb5+ $6 {Met een verkeerd idee gespeeld.
Wit wilde zijn dame liever naar g5 dan h5 terugspelen. Beter was 12.Dh5 bijv.}
(12. Qh5 Nxe3 13. fxe3 Bd7 14. Bd3 Qf6 {met iets beter spel voor zwart.}) 12...
Bd7 13. Bxd7+ Qxd7 14. Qg5 $2 ({Op} 14. Qh5 {had ik gepland} Bxd4 $5 15. Bxd4
e5 16. Be3 d4 17. O-O-O (17. Ne4 f5 $1) 17... Qe6 18. Bxd4 exd4 19. Rhe1 $6
N4e5) ({Het beste leek mij} 14. Qh3 e5 15. Nb3 Bb4 16. Bd2 {maar ook hier
staat zwart beter.}) 14... h5 $1 {Dit kwam als een complete verrassing voor
Henk. Hij heeft mazzel dat het niet meteen wint.} 15. Nf5 ({Ik had ook
rekening gehouden met de wanhoopszet} 15. Nxe6 Bxe3 (15... Qxe6 16. Nxd5 Rc8
17. O-O-O Bxe3+ 18. fxe3 Ne7 $1 {en wit heeft niet genoeg compensatie voor het
stuk.})) 15... Nxe3 16. Nxe3 Be7 17. Qg3 O-O-O {Een beetje moe geworden door
voorgaande berekeningen en tevreden met het resultaat, speelde ik dit vrij
snel. Er was nog sterker:} (17... d4 $1 18. O-O-O Bd6 $1 {Deze zet was me
geheel ontgaan. Ik had alleen gekeken naar 0-0-0 waarna het paard op e3
weggaat en mijn voordeel niet groter is dan in de partij. Na Ld6! wint zwart
materiaal.} 19. Rxd4 {Er is niks anders.)} Bxg3 20. Rxd7 Bxf2 $1 21. Rd3 Ne5 {
en zwart staat op winst.}) 18. O-O-O Qc6 $6 ({Opnieuw sterker en winnend was} 
18... d4 19. Nf1 Qc6 20. Ne2 Qc4) 19. Ne2 ({De zet waar ikop gerekend had.
Niet beter was} 19. Qf3 d4 20. Qxf7 e5 21. Ncd5 Bc5 22. Qf5+ Kb8 23. Nf6 dxe3
24. Qxg6 Rxd1+ 25. Rxd1 exf2 {met winststelling.}) 19... Qa6 20. Rd3 Bd6 21. f4
Qxa2 {Ik sta op winst en heb nog 50' voor de rest van de partij, wit 40'.} 22.
Nd1 Qa1+ 23. Kd2 Qa4 24. Rf1 Ne7 {Het leek me dat het paard zijn plicht had
gedaan en op zoek moest naar betere velden. Toch was Thg8 waarschijnlijk
sterker.} 25. Nd4 (25. Qg7) 25... Rdg8 26. Qf3 h4 27. Ne3 Kb8 28. b3 Qa5+ 29.
Ke2 Ng6 {om g3 af te dwingen.} 30. g3 hxg3 31. hxg3 Rh2+ 32. Rf2 Rh3 33. Qg2
Rhh8 34. Qf3 a6 (34... Qa6 $5) 35. c4 Re8 36. Ndc2 Bc5 37. cxd5 Qa2 $6 ({
Helaas verwierp ik het sterke} 37... e5 $1 38. fxe5 Nxe5 39. Qf4 Qb5 {Dit had
ik gemist.} 40. Nc4 {only move.} Bxf2 41. Kxf2 f6 $19) 38. Kf1 Qb1+ 39. Ne1
exd5 (39... e5 $5) 40. Re2 Ne7 {De 40e zet is bereikt, maar dat speelde in dit
toernoooi geen rol. Het tempo was 2 uur voor de hele partij. Wit heeft nog 13';
zwart 16'.} 41. Kg2 Nc6 $2 (41... d4 42. Nc4 Nc6) 42. N3c2 $2 (42. Qxd5 Bxe3
43. Rdxe3 Rxe3 44. Rxe3 Qh7 $17) 42... Bb4 (42... Nb4 $1 43. Rd1 Qb2 44. Nd3
Nxd3 45. Qxd3 Rxe2+ 46. Qxe2 Qxb3 $19) 43. Rxe8+ Rxe8 44. Rd1 Qb2 45. Kf1 Bxe1
46. Rxe1 Rd8 47. Qd3 d4 48. Re2 Qb1+ 49. Re1 Qa2 50. Re2 Qa5 51. Ne1 Qd5 {
Wit nog 5'; zwart 8'.} 52. Qf3 d3 53. Rd2 Qxb3 54. Rxd3 Qb5 55. Kg2 Rh8 56. Rb3
Qc4 (56... Nd4 $1) 57. Re3 Nd4 $1 58. Qe4 Qa2+ 59. Kf1 $2 (59. Kg1 Qh2+ 60. Kf1
Qd2 $17) 59... Nc6 $4 ({Ongelooflijk! Met nog 4' mis ik het direct winnende} 
59... Rh2 60. Nd3 f5 $1 61. Qe5+ Ka8 {Uit.}) 60. Re2 Qb3 {Verder heb ik helaas
niet meer genoteerd. Er gebeurden de verschrikkelijkste dingen tijdens het
uitvluggeren. Op een gegeven moment dacht ik dat een stuk weggaf (ik had
echter een gewonnen toreneindspel kunnen bereiken) en in verloren stelling
wist ik tenslotten nog remise te maken. Met 4-6 kon ik nog een redelijke prijs
winnen door de laatste ronde te winnen. Ik had echter niet meer de energie om
tot het uiterste te gaan en besloot het toernooi met remise. Dat leverde maar
liefst 10 Euro op. Er had heel wat meer ingezeten.} 1/2-1/2

[Event "Bussum Open"]
[Site "?"]
[Date "2002.05.19"]
[Round "5"]
[White "Witt, Rob"]
[Black "Jens, Jelmer"]
[Result "1/2-1/2"]
[WhiteElo "2242"]
[BlackElo "2312"]
[Annotator "Witt,Rob"]
[PlyCount "90"]

{Met 3-4 is de 5e ronde vaak bepalend voor de rest van het toernooi. Winst
betekent meedraaien in de kopgroep en de kans op een IGM, remise houdt nog
alle kansen open op een prijs, en verlies moet je nooit aan denken. Mijn
tegenstander riep herinneringen op aan onze smadelijke 4-0 nederlaag tegen
Utrecht voor de KNSB-beker en de denigrerende opmerkingen op de Utrecht-site
over het niveau van Euwe.} 1. Nf3 Nf6 2. c4 e6 3. Nc3 Bb4 4. Qc2 {Het
zogenaamd e Anti-Nimzoindisch dat zich kenmerkt door het voorlopig achterwege
laten van d4. Ik heb in partijen van met name Kramnik gezien dat zwart vaak
ogenschijnlijk gelijkstaat maar op de een of andere manier net niet helemaal.
Variantenkennis is niet nodig, het gaat om de grote lijn en deideeen.} O-O 5.
a3 Bxc3 6. Qxc3 b6 7. e3 Bb7 8. Be2 d6 {Een belangrijk alternatief is c5.} 9.
O-O Nbd7 10. b4 {Ik speel pas b4 nadat ik de ontwikkeling van mijn
koningsvleugel heb voltooid. De reden is dat ik na een eventueel a5; axb4 en
Txa1 met de toren op a1 kan terugslaan.} e5 11. Bb2 Qe7 12. d4 ({Een ander
idee is} 12. d3 h6 13. Nh4 d5 14. cxd5 Nxd5 15. Qc4 {zoals in een leerzame
partij van Smyslov waar hij fraai demonstreert dat de kracht van het loperpaar
vaak schuilt in het op het juiste moment afruilen van een loper tegen het
paard.}) 12... e4 {Ik zou de voorkeur geven aan 12....Te8 of 12....ed4.} 13.
Nd2 c5 14. f4 ({Mijn eerste gedachte was} 14. bxc5 dxc5 15. d5 {De tekstzet
leek me bij nader inzien ook niet slecht.}) 14... exf3 15. Bxf3 Bxf3 16. Rxf3
Ne8 $6 {Zwart wil snel de diagonaal a1-h8 plomberen met f6, maar dat lijkt me
onnodig passief. een beter idee is} (16... Rfe8 17. Raf1 Rac8 {met vrijwel
gelijk spel.}) 17. Raf1 f6 18. Qd3 {dreigt dxc5 en Dd5 met torenwinst.} Nc7 19.
Rh3 g6 20. Rg3 Ne6 21. Ne4 {op weg naar d5.} Ng7 22. Nc3 ({Ik vond de
pionwinst niet zo overtuigend en ook een beetje zonde van mijn mooie stelling:
} 22. dxc5 dxc5 23. Nxf6+ Nxf6 24. Bxf6 Qe6 25. bxc5 bxc5 {Toch ziet het er
bij nader inzien wel erg mooi uit na bijv.} 26. Rgf3 Rfe8 27. Ba1 Rad8 28. Qc3
Rd7) 22... Rae8 23. Nd5 (23. Nb5 $5) 23... Qe4 24. Qd1 Rc8 $2 ({Noodzakelijk
was eerst ruilen op b4, bijv.} 24... cxb4 25. axb4 Rc8 26. Qb3 f5 27. Rgf3 Nf6
(27... b5 28. c5 Rf7 29. Nc3 $16) 28. Nxf6+ Rxf6 29. c5+ Rf7 30. cxd6 Rd8 31.
Rf4 Qe6 32. d5 Qxd6 33. e4 Rfd7 {en zwart kan nog vechten.}) 25. dxc5 f5 (25...
dxc5 26. Bxf6 Kh8 27. Rf4 Qe6 28. Bb2 {ziet er ook verschrikkelijk uit voor
zwart.}) 26. Rf4 Qe6 27. Qd4 {Het is natuurlijk totaal uit.} Rf7 28. cxd6 Qxd6
29. e4 ({Ook winnend was} 29. Rxf5 Rxc4 30. Nf6+ Qxf6 31. Rxf6 Rxd4 32. Rxf7
Rd1+ 33. Rf1) 29... Re8 30. exf5 Re1+ 31. Kf2 Re5 {Fritz geeft de witte
stelling +4. Dat moet dus geen probleem zijn, zeker met voldoende tijd. Wit
nog 40', zwart 15' voor de rest van de partij.} 32. fxg6 hxg6 33. Rxf7 Kxf7 34.
Rf3+ Nf5 35. Qf4 {goed genoeg, maar beter was toch} (35. g4 {Fritz verhoogt
naar +5,5. Ik had een spook gezien:} Re6 {valt h2 aan, oh oh wat erg.} 36. Qg7+
Ke8 37. Qh8+ {enz.}) 35... Kg8 36. Qg4 $6 (36. g4 {is nog steeds simpele winst.
Maar de tekstzet verpest nog niks.}) 36... b5 37. Qg5 bxc4 $2 ({Taaier was} 
37... Kf7) 38. Qd8+ $6 (38. Bxe5 Nxe5 39. Rxf5 {is +6,84}) 38... Kf7 39. Bxe5
Qxd5 40. Bc3 Qd1 {Wit nog 25', zwart 8'. Stelling + 4,32.} 41. g4 $4 {
Ongeduldig snel gespeeld, ik dacht naar h3 te kunnen lopen.} (41. Qh8 Qc2+ 42.
Kg1 Qc1+ 43. Rf1 Qe3+ 44. Kh1 {was nog steeds + 4,62.}) 41... Qc2+ 42. Kg1 Qd1+
{Pas nu zag ik wat ik had aangericht.} 43. Kf2 Qc2+ 44. Ke1 Qe4+ 45. Kf2 ({
Jelmer suggereerde achteraf nog} 45. Kd2 Qxf3 46. Qxd7+ Ne7 47. Qd4 Qg2+ 48.
Kd1 Qh1+ 49. Be1 {met een klein plusje voor wit. Ik ben blij dat ik dat niet
gezien heb, want gezien mijn gemoedstoestand had ik dat ongetwijfeld verloren.}
) 45... Qc2+ {Ik had niet zo'n zin meer om te analyseren. Jens begreep dat wel.
} 1/2-1/2